000 00650nam a22001337a 4500
040 _cRUA
082 _aAVM THA 2013 B111 Or.1
100 _aTHACH, SOVANNARY.
245 _aThe study about piglet diarrhea, during mammary suckle in tek chhou district, kampot province, ការសិក្សាពីជំងឺរាកកុនជ្រូកក្នុងកមឡុងពេលបៅដោះ នៅស្រុកទឹកឈូ ខេត្តកំពត
260 _aPhnom Penh
_bRUA
_c2013
300 _aix; 36p.
_bill.
_c29cm.
856 _uhttps://drive.google.com/file/d/1NMMGr4CiPPO-Pobnpm2tBx6-fF-zcMCu/view?usp=sharing
942 _cAVM
999 _c2740
_d2740